BUBT Library Online Catalog

Malgudi Days/ (Record no. 7141)

000 -LEADER
fixed length control field 00644nam a22002297a 4500
003 - CONTROL NUMBER IDENTIFIER
control field BUBTL
008 - FIXED-LENGTH DATA ELEMENTS--GENERAL INFORMATION
fixed length control field 231116b ||||| |||| 00| 0 eng d
020 ## - INTERNATIONAL STANDARD BOOK NUMBER
International Standard Book Number 8185986177
041 ## - LANGUAGE CODE
Language code of text/sound track or separate title eng
082 ## - DEWEY DECIMAL CLASSIFICATION NUMBER
Classification number 800/ N1646m/ 2006
100 ## - MAIN ENTRY--PERSONAL NAME
9 (RLIN) 4991
Personal name Narayan, R. K.
245 ## - TITLE STATEMENT
Title Malgudi Days/
Statement of responsibility, etc. R. K. Narayan
250 ## - EDITION STATEMENT
Edition statement Ist ed.
260 ## - PUBLICATION, DISTRIBUTION, ETC. (IMPRINT)
Place of publication, distribution, etc. Chennai :
Name of publisher, distributor, etc. Indian Thought Publications,
Date of publication, distribution, etc. c2006
300 ## - PHYSICAL DESCRIPTION
Extent 241p. :
Dimensions 12 cm.
505 ## - FORMATTED CONTENTS NOTE
Formatted contents note Malgudi Days, R. K. Narayan. English Literature
526 ## - STUDY PROGRAM INFORMATION NOTE
Program name English Literature
650 #0 - SUBJECT ADDED ENTRY--TOPICAL TERM
9 (RLIN) 1994
Topical term or geographic name as entry element English Literature
856 ## - ELECTRONIC LOCATION AND ACCESS
Password 0
Logon 0
Link text Download
942 ## - ADDED ENTRY ELEMENTS (KOHA)
Source of classification or shelving scheme
Koha item type Books
Holdings
Withdrawn status Lost status Source of classification or shelving scheme Damaged status Not for loan Collection code Permanent location Current location Date acquired Source of acquisition Inventory number Total Checkouts Full call number Barcode Date last seen Copy number Price effective from Koha item type
          Fiction Bangladesh University of Business and Technology Library Bangladesh University of Business and Technology Library 05/29/2006 Purchase 3059   800/ N1646m/ 2006 BUBTL-20033059 11/16/2023 C-1 11/16/2023 Books

More Information About Library

Library Hours

  • Open: 9.00 am. to 9.00 pm.
  • Only Sunday: 9.00 am. to 6.00 pm.
  • Closed: Holiday

Contact to the University

Bangladesh University of Business and Technology Library

  • Mirpurl-2, 1216.
  • Phone:
  • Fax:
  • E-Mail: admin.library@bubt.edu.bd

Contact to the Library

Contact Person:

Md. Abdul Hakim Shah
Joint Librarian
PABX No:  113
Cell No: 01816332931
E-mail: official: admin.library@bubt.edu.bd
Personal: hakim.shah@bubt.edu.bd


BUBT Library

Copyright © 2021